| 000 | 00480nam a22001697a 4500 | ||
|---|---|---|---|
| 003 | BD-ChCU | ||
| 005 | 20260408094230.0 | ||
| 008 | 260408b bg ||||| |||| 00| 0 ben d | ||
| 040 | _cBD-ChCU | ||
| 082 | _a158.7 THM | ||
| 100 |
_aThompson , David W. _921343 |
||
| 245 |
_aManaging people : _binfluencing behavior ./ _cDavid W. Thompson . |
||
| 260 |
_aSaint Louis : _bMosby , _cC 1978 . |
||
| 300 | _axi ,158p. | ||
| 650 | 0 |
_aPsychology . Applied . _921344 |
|
| 942 |
_2ddc _cBK _n0 |
||
| 999 |
_c112133 _d112133 |
||